[Event "Bogota Distrital-ch 78th"]
[Site "Bogota"]
[Date "2016.04.08"]
[Round "1"]
[White "Ceron, Juan Carlos"]
[Black "Leon, Gustavo"]
[Result "1-0"]
[WhiteElo "2109"]
[BlackElo "1810"]
[PlyCount "29"]
[EventDate "2016.04.08"]
[EventType "swiss"]
[EventRounds "6"]
[EventCountry "COL"]
[SourceTitle "CBM 172 Extra"]
[Source "ChessBase"]
[SourceDate "2016.06.21"]
[SourceVersion "1"]
[SourceVersionDate "2016.06.21"]
[SourceQuality "1"]

1. e4 e5 2. Nf3 Nf6 3. Nxe5 Nxe4 4. Qe2 Qh4 5. Nf3 Qe7 6. d3 Nf6 7. Be3 Nc6 8. Nc3 d5 9. 0-0-0 Bf5 10. Nd4 0-0-0 11. Nxf5 Qd7 12. g4 Be7 13. Nxe7+ Qxe7 14. d4 h6 15. Rg1 1-0

[Event "Bogota-ch sf"]
[Site "Bogota"]
[Date "2014.03.24"]
[Round "6"]
[White "Ceron, Juan Carlos"]
[Black "Manrique, Fernando"]
[Result "0-1"]
[WhiteElo "2081"]
[BlackElo "2032"]
[PlyCount "62"]
[EventDate "2014.03.21"]
[EventType "swiss"]
[EventRounds "7"]
[EventCountry "COL"]
[SourceTitle "CBM 159 Extra"]
[Source "ChessBase"]
[SourceDate "2014.04.24"]
[SourceVersion "1"]
[SourceVersionDate "2014.04.24"]
[SourceQuality "1"]

1. d4 d5 2. c4 dxc4 3. e4 e5 4. d5 c6 5. Bxc4 Nf6 6. Nf3 Nxe4 7. 0-0 Nd6 8. Nxe5 Nxc4 9. Nxc4 cxd5 10. Re1+ Be6 11. Ne3 Be7 12. f4 g6 13. Qf3 Qb6 14. Kh1 d4 15. f5 dxe3 16. fxe6 fxe6 17. Bxe3 Qc6 18. Qf2 Rf8 19. Qe2 Nd7 20. Nd2 Rf5 21. Rac1 Qb5 22. Nc4 Qa6 23. Bd4 Kf7 24. Qe4 Re8 25. g4 Rd5 26. Rf1+ Kg8 27. Nb6 Rxd4 28. Qxe6+ Kh8 29. Rf7 Qxb6 30. Rxh7+ Kxh7 31. Qf7+ Kh8 0-1

[Event "Bogota Semana Santa op"]
[Site "Bogota"]
[Date "2012.04.08"]
[Round "8"]
[White "Ceron, Juan Carlos"]
[Black "Becerra, Juan David"]
[Result "0-1"]
[WhiteElo "2039"]
[BlackElo "2318"]
[PlyCount "130"]
[EventDate "2012.04.04"]
[EventType "swiss"]
[EventRounds "9"]
[EventCountry "COL"]
[SourceTitle "CBM 147 Extra"]
[Source "ChessBase"]
[SourceDate "2012.04.24"]
[SourceVersion "1"]
[SourceVersionDate "2012.04.24"]
[SourceQuality "1"]

1. e4 c5 2. Nf3 d6 3. Bb5+ Nc6 4. 0-0 Bd7 5. c3 Nf6 6. Re1 a6 7. Ba4 b5 8. Bc2 Bg4 9. d3 e6 10. a4 b4 11. a5 Be7 12. Ba4 Qc7 13. cxb4 0-0 14. Bxc6 Qxc6 15. bxc5 Qxc5 16. Nbd2 d5 17. e5 Nd7 18. Qa4 Bxf3 19. Nxf3 Qc7 20. Qg4 Kh8 21. Bg5 Bxg5 22. Nxg5 h6 23. Nf3 Qc2 24. Qd4 Rab8 25. b4 Rfc8 26. h3 Kg8 27. Rab1 Rc7 28. Qe3 Qa4 29. Rec1 Rcb7 30. Qd4 Rxb4 31. Rxb4 Rxb4 32. Qa7 Kh7 33. Qxa6 Nc5 34. Qa7 Nxd3 35. Rf1 Rf4 36. Qe3 Qc4 37. Rd1 Nb4 38. Rc1 Qe4 39. Qxe4+ Rxe4 40. Rc7 Kg6 41. Rb7 Nc6 42. a6 Ra4 43. Rb6 Nd8 44. Rb8 Nc6 45. Rb6 Ne7 46. Rb7 Nc6 47. Rb6 Nd4 48. Nxd4 Rxd4 49. a7 Ra4 50. Rb7 f6 51. exf6 gxf6 52. Kf1 Ra2 53. Ke1 Kf5 54. Kd1 Ke4 55. g4 d4 56. Kc1 e5 57. Kb1 Ra6 58. Kc2 Kf3 59. Rf7 Ke2 60. Rxf6 Rxa7 61. Re6 Ra5 62. f4 d3+ 63. Kc3 d2 64. Kb4 d1Q 65. Kxa5 Qd5+ 0-1

[Event "Bogota op 03"]
[Site "Bogota"]
[Date "2012.03.18"]
[Round "6"]
[White "Ceron, Juan Carlos"]
[Black "Casas Cobos, Julio Eduardo"]
[Result "1-0"]
[WhiteElo "2039"]
[BlackElo "1999"]
[PlyCount "79"]
[EventDate "2012.03.15"]
[EventType "swiss"]
[EventRounds "7"]
[EventCountry "COL"]
[SourceTitle "CBM 147 Extra"]
[Source "ChessBase"]
[SourceDate "2012.04.24"]
[SourceVersion "1"]
[SourceVersionDate "2012.04.24"]
[SourceQuality "1"]

1. e4 c5 2. Nf3 Nc6 3. Bb5 g6 4. 0-0 Bg7 5. c3 a6 6. Ba4 b5 7. Bc2 d6 8. a4 b4 9. a5 Nf6 10. Ba4 Bd7 11. d4 Nxe4 12. Re1 d5 13. dxc5 bxc3 14. Qxd5 Nf6 15. Qa2 cxb2 16. Bxb2 0-0 17. Nbd2 Nb4 18. Qc4 Bxa4 19. Rxa4 Nd3 20. Rb1 Nxb2 21. Rxb2 Ne4 22. Rc2 Nxd2 23. Rxd2 Rb8 24. g3 Rb1+ 25. Kg2 Qc8 26. c6 Rb5 27. Ra3 e6 28. Rd7 Rd8 29. Rxd8+ Qxd8 30. c7 Qc8 31. Rd3 Rd5 32. Rxd5 exd5 33. Qc6 Kf8 34. Qxd5 Qxc7 35. Qa8+ Ke7 36. Qxa6 Kd7 37. Qa8 Bc3 38. a6 Ba5 39. a7 Bb6 40. Qd5+ 1-0

[Event "Bogota op 03"]
[Site "Bogota"]
[Date "2012.03.18"]
[Round "7"]
[White "Ruiz Castillo, Joshua Daniel"]
[Black "Ceron, Juan Carlos"]
[Result "1-0"]
[WhiteElo "2178"]
[BlackElo "2039"]
[PlyCount "69"]
[EventDate "2012.03.15"]
[EventType "swiss"]
[EventRounds "7"]
[EventCountry "COL"]
[SourceTitle "CBM 147 Extra"]
[Source "ChessBase"]
[SourceDate "2012.04.24"]
[SourceVersion "1"]
[SourceVersionDate "2012.04.24"]
[SourceQuality "1"]

1. e4 e5 2. Nf3 Nc6 3. Bb5 Nf6 4. Qe2 Be7 5. 0-0 0-0 6. c3 d6 7. Rd1 Bd7 8. d4 exd4 9. cxd4 a6 10. Ba4 Re8 11. Nc3 h6 12. Bc2 Qc8 13. a3 b5 14. e5 dxe5 15. dxe5 Bd6 16. Bf4 Bg4 17. Ne4 Nxe5 18. Nxf6+ gxf6 19. Bxe5 fxe5 20. Be4 Rb8 21. h3 Bf5 22. Nh4 Be6 23. Qh5 Bf8 24. Rd3 Bg7 25. Rg3 Kf8 26. Rc1 Rb6 27. Rcc3 Qd8 28. Rcf3 Qd4 29. Nf5 Bxf5 30. Qxf5 Bf6 31. Rd3 Qxb2 32. Rd7 Qc1+ 33. Kh2 Rd8 34. Rg8+ Kxg8 35. Qh7+ 1-0

[Event "Bogota op 02"]
[Site "Bogota"]
[Date "2012.02.23"]
[Round "1"]
[White "Ceron, Juan Carlos"]
[Black "Castellanos, Camilo Andres"]
[Result "1-0"]
[WhiteElo "2032"]
[BlackElo "1608"]
[PlyCount "69"]
[EventDate "2012.02.23"]
[EventType "swiss"]
[EventRounds "7"]
[EventCountry "COL"]
[SourceTitle "CBM 147 Extra"]
[Source "ChessBase"]
[SourceDate "2012.04.24"]
[SourceVersion "1"]
[SourceVersionDate "2012.04.24"]
[SourceQuality "1"]

1. e4 e5 2. Nf3 Nc6 3. Bb5 a6 4. Ba4 Nf6 5. 0-0 d6 6. Bxc6+ bxc6 7. d4 exd4 8. Nxd4 Bb7 9. Nf5 g6 10. Nh6 Bg7 11. Bg5 Qd7 12. Re1 0-0-0 13. h3 Rde8 14. Qf3 Qe6 15. Nc3 Rhf8 16. Re3 Nd7 17. Ng4 h5 18. Nh2 f6 19. Bf4 g5 20. Bxg5 fxg5 21. Qxh5 Rh8 22. Qe2 Nc5 23. Nf3 Rhf8 24. Nh2 Be5 25. Rg3 Bf4 26. Nf3 Nd7 27. Rg4 Ne5 28. Nxe5 Bxe5 29. Re1 Qf7 30. Nd1 Qf6 31. Rg3 Rf7 32. Rb3 Ref8 33. Qd2 Rg7 34. Ree3 Kb8 35. Qb4 1-0